Text book of soil mathematics (Record no. 136486)

000 -LEADER
fixed length control field 00292nam a2200121Ia 4500
008 - FIXED-LENGTH DATA ELEMENTS--GENERAL INFORMATION
fixed length control field 220120s9999||||xx |||||||||||||| ||und||
020 ## - INTERNATIONAL STANDARD BOOK NUMBER
International Standard Book Number 9780439829267
082 ## - DEWEY DECIMAL CLASSIFICATION NUMBER
Classification number 510 MUR
100 ## - MAIN ENTRY--PERSONAL NAME
Personal name Murthy, V.N.S
245 #0 - TITLE STATEMENT
Title Text book of soil mathematics
260 ## - PUBLICATION, DISTRIBUTION, ETC.
Name of publisher, distributor, etc. New York
300 ## - PHYSICAL DESCRIPTION
Extent 117p.
Other physical details 143
Holdings
Withdrawn status Lost status Damaged status Not for loan Collection code Home library Current library Date acquired Barcode Date last seen Price effective from Koha item type
        Civil Engineering Central Library Central Library 01/20/2022 GF345 01/20/2022 01/20/2022 Gift Books

Powered by Koha